Old-Time Makers of Medicine : (Record no. 249471)
[ view plain ]
| 000 -LEADER | |
|---|---|
| fixed length control field | 01393cam a22002533a 4500 |
| 001 - CONTROL NUMBER | |
| control field | 20216 |
| 003 - CONTROL NUMBER IDENTIFIER | |
| control field | PGUSA |
| 005 - DATE AND TIME OF LATEST TRANSACTION | |
| control field | 20140828083428.0 |
| 008 - FIXED-LENGTH DATA ELEMENTS--GENERAL INFORMATION | |
| fixed length control field | 061230s2006||||xxu|||||s|||||000 | eng d |
| 040 ## - CATALOGING SOURCE | |
| Original cataloging agency | PGUSA |
| Language of cataloging | eng |
| 042 ## - AUTHENTICATION CODE | |
| Authentication code | dc |
| 050 #4 - LIBRARY OF CONGRESS CALL NUMBER | |
| Classification number | R |
| 100 1# - MAIN ENTRY--PERSONAL NAME | |
| Personal name | Walsh, James J. |
| Fuller form of name | (James Joseph), |
| Dates associated with a name | 1865-1942 |
| 245 10 - TITLE STATEMENT | |
| Title | Old-Time Makers of Medicine : |
| Remainder of title | The Story of The Students And Teachers of the Sciences Related to Medicine During the Middle Ages |
| Medium | [electronic resource] / |
| Statement of responsibility, etc | James J. Walsh |
| 260 ## - PUBLICATION, DISTRIBUTION, ETC. (IMPRINT) | |
| Name of publisher, distributor, etc | Project Gutenberg, |
| Date of publication, distribution, etc | 2006 |
| 505 0# - FORMATTED CONTENTS NOTE | |
| Formatted contents note | Great physicians in early Christian times -- Great Jewish physicians -- Maimonides -- Great Arabian physicians -- The medical school at Salerno -- Constantine Africanus -- Medieval women physicians -- Mondino and the medical school of Bologna -- Great surgeons of the medieval universities -- Guy de Chauliac -- Medieval dentistry: Giovanni of Arcoli -- Cusanus and the first suggestion of laboratory methods in medicine -- Basil Valentine, last of the alchemists, first of the chemists -- Appendices: St. Luke, the physician. Science at the medieval universities. Medieval popularization of science. |
| 506 ## - RESTRICTIONS ON ACCESS NOTE | |
| Terms governing access | Public domain in the USA. |
| 516 ## - TYPE OF COMPUTER FILE OR DATA NOTE | |
| Type of computer file or data note | Electronic text |
| 653 ## - INDEX TERM--UNCONTROLLED | |
| Uncontrolled term | Medicine, Medieval |
| 653 ## - INDEX TERM--UNCONTROLLED | |
| Uncontrolled term | Physicians |
| 830 #0 - SERIES ADDED ENTRY--UNIFORM TITLE | |
| Uniform title | Project Gutenberg |
| Volume number/sequential designation | 20216 |
| 856 40 - ELECTRONIC LOCATION AND ACCESS | |
| Uniform Resource Identifier | <a href="http://www.gutenberg.org/ebooks/20216">http://www.gutenberg.org/ebooks/20216</a> |
| 942 ## - ADDED ENTRY ELEMENTS (KOHA) | |
| Koha item type | eBooks |
| Withdrawn status | Lost status | Damaged status | Home library | Current library | Date acquired | Total Checkouts | Date last seen | Price effective from | Koha item type |
|---|---|---|---|---|---|---|---|---|---|
| Project Gutenberg | Project Gutenberg | 08/28/2014 | 08/28/2014 | 08/28/2014 | eBooks |